Separácie alkoholových zmesí použitím iónových kvapalín

Na minha lista:
Detalhes bibliográficos
Autor principal: Zoček, Jozef
Formato: Livro
Idioma:eslovaco
Publicado em: Bratislava STU FCHPT 2012
Acesso em linha:View in OPAC
Tags: Adicionar Tag
Sem tags, seja o primeiro a adicionar uma tag!

MARC

LEADER 00000nam a2200000 a 4500
005 20260127134253.0
008 120625 2012 xo 000 0 slo d
035 |a vtls010432051 
039 9 |a 201207120821  |b mschk03  |y 201206251002  |z mschk03 
040 |a STUSCHK1  |b slo  |c STUSCHK1  |e AACR2 
100 1 |a Zoček, Jozef 
245 1 |a Separácie alkoholových zmesí použitím iónových kvapalín  |c Jozef Zoček 
260 |a Bratislava  |b STU FCHPT  |c 2012 
300 |a 61 s.  |b il.  |c 30cm 
500 |a Obháj.: 5.6. 2012 
500 |a Študijný program: chemické inžinierstvo 
500 |a Študijný odbor: 5.2.17 chemické inžinierstvo 
500 |a Miesto vypracovania: Oddelenie chemického a biochemického inžinierstva, FCHPT 
500 |a Evidenčné číslo: FCHPT-5433-50053 
500 |a Diplomová práca 
910 |a SCHK95 
999 |c 8361  |d 8361